01009nam a22002537a 4500999001300000001000500013003000900018005001700027008004100044020001500085020002200100040002800122082002500150245007400175260004800249300003900297504002000336505015300356520002600509650003700535710004500572942001200617952012600629 c916d9169417BD-DhUAP20200129102231.0200129s2002 bg 001 0 eng d a9848120351 a9848120343 (v. 2) aDLCcDLCdBD-DhUAPbEng00223a339.5095492 BAN 00aBangladesh development debates :bperspectives from policy dialogues. aDhaka :bPathak Shamabesh Book, cc2002.  avolumes :billustrations ;c22 cm. aIncludes index. aV. 2- Energy and transport development industry, export promotion and globalisation agricultural development population and sustainable development. aContributed articles. aEconomic conditionszBangladesh.2 aCentre for Policy Dialogue (Bangladesh). 2ddccBK 00102ddc4070aUAPCLbUAPCLcGeneral Stacksd2020-01-29o339.5095492 BAN V-2p3010009417r2020-01-29t1w2020-01-29yBK